| 000 | 01705cam a2200373 4500 | ||
|---|---|---|---|
| 001 | L158587 | ||
| 008 | 040913n2014 000 0 eng u | ||
| 020 | _a1405110554 | ||
| 035 | _a(Sirsi) u158587 | ||
| 041 | _aeng | ||
| 050 | _a690 | ||
| 100 | _aEmmitt, Stephen | ||
| 245 | _aBarry's introduction to construction of buildings | ||
| 260 |
_aOxford _bBlackwell _c2014 |
||
| 300 |
_axi, 798p. _bill. _c25cm. |
||
| 520 | _aThe latest edition of this standard text provides first year (level one) students with the fundamentals of building design and construction. Provides chapters on: site analysis and set-up; groundwork and foundations; floors; walls; roofs; windows; doors; stairs and ramps; surface finishes; solid fuel, gas and electrical services provision; and water supply, sanitation and refuse disposal. Appendices provide web sites and additional references. | ||
| 520 | _aSupersedes second edition | ||
| 650 | _aGROUNDWORK | ||
| 650 | _aBUILT ENVIRONMENT-BUILDING ELEMENTS-COMPLETE BUILDING ELEMENTS-FOUNDATIONS | ||
| 650 | _aBUILT ENVIRONMENT-BUILDING ELEMENTS-COMPLETE BUILDING ELEMENTS-FLOORS | ||
| 650 | _aBUILT ENVIRONMENT-BUILDING ELEMENTS-COMPLETE BUILDING ELEMENTS-STAIRS | ||
| 650 | _aBUILT ENVIRONMENT-BUILDING ELEMENTS-COMPLETE BUILDING ELEMENTS-WALLS | ||
| 650 | _aBUILT ENVIRONMENT-BUILDING ELEMENTS-COMPLETE BUILDING ELEMENTS-ROOFS | ||
| 650 | _aWINDOWS | ||
| 650 | _aDOORS | ||
| 650 | _aFINISHES | ||
| 650 |
_aBlock management _96220 |
||
| 650 | _aCONSTRUCTION TECHNOLOGY | ||
| 650 | _aBUILT ENVIRONMENT-CONSTRUCTION DESIGN | ||
| 651 | 4 | _aENGLAND AND WALES | |
| 690 | _aBUILT ENVIRONMENT | ||
| 700 | _aGorse, Christopher A. | ||
| 942 |
_n0 _2ddc |
||
| 999 |
_c115404 _d115404 |
||